000
00229nam a2200097Ia 4500
008
220204s9999 xx 000 0 und d
082
_a
62(058.7)
_b
IEE
245
0
_a
IEEMA directory/86
260
_a
Bombay
_b
IEEMA
_c
1986
942
_c
BK
999
_c
39192
_d
39192